Word Puzzle #2 - Animals - Statistics

General Stats
  • This quiz has been taken 96 times
  • The average score is 10 of 15
Answer Stats
Hint Answer % Correct
5th letter + cow sound emu
94%
untruth + opposite of off lion
92%
purchase + center of solar system bison
79%
12th letter + 6th letter + social insect elephant
78%
peanut butter partner + aquatic creature jellyfish
78%
not rich + ooze from an infection porpoise
68%
Jada Smith"s husband + 4th letter + animal wildebeest
67%
child's plaything + part of a fish dolphin
65%
disk used in poker + religious order member chipmunk
64%
Gore's 1st name + baseball equipment + Antarctic explorer albatross
60%
liquid precipitation + beloved or esteemed reindeer
59%
opposite of pro + entry or exit condor
58%
lock partner + first person plural personal pronoun kiwi
47%
cooking utensil + short for father panda
46%
astrological sign + short for partner leopard
36%
No matching quizzes found
Score Distribution
Percent of People with Each Score
Percentile by Number Answered
Your Score History
You have not taken this quiz